|
|
|
|
| LEADER |
01165nam a2200301Ia 4500 |
| 001 |
EBC3239107 |
| 003 |
MiAaPQ |
| 005 |
20200520144314.0 |
| 006 |
m o d | |
| 007 |
cr cn||||||||| |
| 008 |
040105s2001 it gs 000 0 eng d |
| 020 |
|
|
|z 9253045094
|
| 035 |
|
|
|a (MiAaPQ)EBC3239107
|
| 035 |
|
|
|a (Au-PeEL)EBL3239107
|
| 035 |
|
|
|a (CaPaEBR)ebr10018706
|
| 035 |
|
|
|a (OCoLC)927559284
|
| 040 |
|
|
|a MiAaPQ
|c MiAaPQ
|d MiAaPQ
|
| 050 |
|
4 |
|a HD900.8.A1
|b M35 2001
|
| 245 |
0 |
0 |
|a Manual para el diseno e implementacion de un sistema de informacion para la seguridad alimentaria y la alerta temprana (SISAAT)
|h [electronic resource].
|
| 260 |
|
|
|a [Rome?] :
|b Food and Agriculture Organization of the United Nations,
|c 2001.
|
| 300 |
|
|
|a 145 p.
|
| 533 |
|
|
|a Electronic reproduction. Ann Arbor, MI : ProQuest, 2015. Available via World Wide Web. Access may be limited to ProQuest affiliated libraries.
|
| 650 |
|
0 |
|a Food supply.
|
| 650 |
|
0 |
|a Agriculture.
|
| 650 |
|
0 |
|a Food industry and trade.
|
| 655 |
|
4 |
|a Electronic books.
|
| 710 |
2 |
|
|a ProQuest (Firm)
|
| 856 |
4 |
0 |
|u https://ebookcentral.proquest.com/lib/matrademy/detail.action?docID=3239107
|z Click to View
|